000 01812nam a2200241Ia 4500
999 _c37968
_d37968
001 3950
003 GE_BSU
005 20190911171052.0
008 181216s2007||||ge |||||||||||||| ||geo||
040 _cGE_BSU
041 _ageo
080 _a338.48(479.223) ტ–92
245 _aნიკო ბერძენიშვილის ინსტიტუტი ; აჭარის სოციალურ-ეკონომიკური პრობლემები = Social-Economical Problems of Adjara = Социально-Экономические Проблемы Аджарии :
_bსტატიების კრებული : ტ. 9 /
_cსაქართველოს განათლებისა და მეცნიერების სამინისტრო; ნიკო ბერძენიშვილის ინსტიტუტი ; რედაქტორი: ჟანი მიქაშავიძე.
264 _aბათუმი :
_bბათუმის უნივერსიტეტი,
_c2007.
300 _a179 გვ. ;
_b20 სმ.
500 _aპარალელური თავფურცელი ქართ., ინგლ. და რუს. ენებზე.
520 _a სტატიების ბოლოს რეზიუმე ინგლ. და რუს. ენებზე.
653 _aსოციალურ-ეკონომიკური პრობლემები
653 _aადგილობრივი მეურნეობის განვითარება აჭარაში
653 _aტურიზმის განვითარება
700 _aმიქაშავიძე, ჟანი
_eრედაქტორი
_92700
942 _cBK
_2udc